Annals of Jaisalmer (Record no. 153476)

MARC details
000 -LEADER
fixed length control field 00558nam a22001937a 4500
003 - CONTROL NUMBER IDENTIFIER
control field dpl
005 - DATE AND TIME OF LATEST TRANSACTION
control field 20180705172444.0
008 - FIXED-LENGTH DATA ELEMENTS--GENERAL INFORMATION
fixed length control field 180705b xxu||||| |||| 00| 0 eng d
020 ## - INTERNATIONAL STANDARD BOOK NUMBER
International Standard Book Number 8186436340
Terms of availability 700.00
035 ## - SYSTEM CONTROL NUMBER
System control number B-109003
040 ## - CATALOGING SOURCE
Original cataloging agency DPL
Language of cataloging EN
Transcribing agency 0
082 ## - DEWEY DECIMAL CLASSIFICATION NUMBER
Classification number 954.4201
100 ## - MAIN ENTRY--PERSONAL NAME
Personal name Bhati, Hari Singh
245 ## - TITLE STATEMENT
Title Annals of Jaisalmer
Remainder of title A pre-medieval history
Statement of responsibility, etc by Hari Singh Bhati
260 ## - PUBLICATION, DISTRIBUTION, ETC. (IMPRINT)
Place of publication, distribution, etc Bikaner
Name of publisher, distributor, etc Kavi Prakashan
Date of publication, distribution, etc 2002
300 ## - PHYSICAL DESCRIPTION
Extent 485p;
Dimensions 23cm.
500 ## - GENERAL NOTE
General note includin appendix, index
942 ## - ADDED ENTRY ELEMENTS (KOHA)
Source of classification or shelving scheme Dewey Decimal Classification
Koha item type English Books
Classification part 954.4201
Call number suffix BHA
Holdings
Withdrawn status Lost status Source of classification or shelving scheme Damaged status Not for loan Collection code Home library Current library Date acquired Source of acquisition Cost, normal purchase price Total Checkouts Full call number Barcode Date last seen Cost, replacement price Price effective from Koha item type
    Dewey Decimal Classification     Non-fiction Patel Nagar Patel Nagar 05/07/2018 BPPD/Pub 700.00   954.4201 BHA B-109003 05/07/2018 700.00 05/07/2018 English Books

© Delhi Public Library
Hit Counter
free hit counter